| 000 | 00549nam a2200181 a 4500 | ||
|---|---|---|---|
| 005 | 20140310183457.0 | ||
| 008 | 100225s19uu xx 00 eng d | ||
| 020 | _a9781847322036 | ||
| 050 |
_aGV 1493 _b.B814 2008 |
||
| 245 |
_aBrain trainer : _b90 day workout / _cIan Robertson. |
||
| 260 |
_aLondon : _bCarlton Books Limited, _c2008. |
||
| 300 |
_a224 p. : _bcol. ill. ; _c25 cm. |
||
| 650 |
_aAmusements _xJuvenile literature. |
||
| 650 |
_aPuzzles _xJuvenile literature. |
||
| 650 | _aBrainstorming. | ||
| 942 |
_cBK _2lcc _kFOR |
||
| 999 |
_c23710 _d23710 |
||